Beyonce lyric quiz - Statistics

General Stats
  • This quiz has been taken 424 times
  • The average score is 10 of 19
Answer Stats
Hint Answer % Correct
Hit me like a ray of sun, burning through my darkest night Halo
90%
I twirl on them haters, albino alligators Formation
81%
I dont wanna be without you babe, i dont wanna broken heart Broken Hearted Girl
75%
Hey, I dont know much about guns 1+1
70%
You see these tears falling down to my ears, i swear you like when im in pain I Care
68%
Come harder, this wont be easy Upgrade U
61%
She walked in the club like no bodys business 6 Inch
57%
I wanna say thank you incase i dont thank you enough Dance For You
55%
You aint gotta call into work cause you the boss Ego
54%
But dont think im just his little wife Flawless
54%
For yourself or mastered wealth they had you labelled as a king Hold Up
52%
All these people on the planet, working 9-5 just to stay alive, how come? Haunted
50%
She gon' be rockin' chinchilla coats Ring The Alarm
50%
Youre my James Dean, you make me feel like im 17 Rather Die Young
42%
Maybe we reached the mountain peak and theres no more left to climb Start Over
41%
Nothing else ever seems to hurt like the smile on your face Pray You Catch Me
38%
I love to see you walk into the room body shining lighting up the place Hello
31%
That feels different, from when your hands are in mine Superpower
30%
I wish this didnt hurt at all Ring Off
10%
No matching quizzes found
Score Distribution
Percent of People with Each Score
Percentile by Number Answered
Your Score History
You have not taken this quiz